00562nam a2200169 a 450000100100000000500170001000800410002702000150006804000250008308200150010810000280012324500340015126000490018530000280023495201130026299900170037500003557120200930074436.0111103s1989 nyua 000 0 spa d a0866361049 aDO-SdBNPbspacBNPHU axxxbM894d1 aMosberg, Stewart96147210aPackaging /cStewart Mosberg. aGlen Cove, N.Y. :bPBC International,c1989. a179 p. :bil. ;c29 cm. 001050718MOaGRbGRcHDd2011-11-03iLF1l0oxxx M894dp35571-10r2020-06-25w2020-06-25y1ZNo se presta c35062d35062